000 00219 a2200097 4500
001 46935
100 _aSeaton A
245 _aThe Russo German war 1941-45
260 _aLondon
_bArthur barker
_c
090 _c30013
_d30013
942 _aNUST-CAE
_cM
_c22241
999 _c282008
_d282008